000 01742nam a2200301 4500
003 EC-UNACH
005 20251208170405.0
006 s||||gr|||| 00| 00
008 150116t9999 mx r gr 000 0 spa d
020 _a978-8496881-42-6
040 _aEC-UNACH
_cEC-UNACH
041 _aspa
082 0 4 _223
_a610.736.1
_bL018417
110 _aArán ediciones
245 _aManual de formación y consulta para técnico sanitario de emergencias y primeros intervinientes
250 _aPrimera edición
264 _aEspaña
_bArán ediciones
_c2008
300 _a370
505 _a 1- Generalidades de las urgencias, emergencias y traumas: Conceptos fundamentales y clasificaciones. 2- Anatomía y fisiología humana: Bases del cuerpo humano para entender las patologías. 3- Protocolos de trabajo: Guías de actuación paso a paso para diversas situaciones. 4- Técnicas sanitarias básicas: Aplicación de primeros auxilios y soporte vital. 5- Técnicas de protección y medidas de seguridad: Protección personal y del paciente. 6- Equipos de trabajo: Conocimiento y uso de material sanitario (ambulancia, botiquín). 7- Mantenimiento de equipos: Conservación del material. 8- Conocimiento básico sobre legislación: Marco legal de la intervención. Este manual, publicado por Berri, es una herramienta esencial para la formación y consulta de los Técnicos en Emergencias Sanitarias (TES).
650 _aSISTEMA INTEGRAL DE EMERGENCIAS
650 _aMEDIDAS DE SEGURIDAD Y AUTOPROTECCIÓN
650 _aCONCEPTO Y CLASES DE RESPONSABILIDAD
700 _aFrancisco Mora Pérez
942 _2ddc
_c1
999 _c14269